000 00654nam a2200253Ia 4500
003 OSt
005 20221005065335.0
006 a|||||r|||| 00| 0
007 ta
008 221004b |||||||| |||| 00| 0 eng d
020 _a0810810174
024 _a32807
037 _cTextual
040 _aCRL
_cCRL
_beng
041 _2eng
_aeng
082 _a2z7, L7
100 _aKatz Bill Ed.
245 0 _aLibrary literature
_b The best of 1976
260 _aMetuchen
_bN.J. scarecrow Press Inc. USA
_c1977
300 _a349p
_ccm.
650 _aLIBRARY SCIENCE
942 _h2z7, L7
_cTEXL
_2cc
999 _c974369
_d974369